00985nam a2200229Ia 4500008004100000082001300041100001300054245002400067250000800091260002900099300001200128500002400140650001200164700001600176942000700192952010300199952010300302952012700405952010300532952010300635999001700738230524s9999 xx 000 0 und d a537bPUR aR.K.Puri 0aSolid State Physics a2ND aNEW DELHIbS.Chandc2006 aXII;308 aQuantity Number: 5 aPhysics a V.K.Babbar cBK 00104070aTATCLbTATCLcGENd2023-05-24l0o537 PURp11030r2023-05-24w2023-05-24yBKzBSCP1102 00104070aTATCLbTATCLcGENd2023-05-24l0o537 PURp11031r2023-05-24w2023-05-24yBKzBSCP1102 00104070aTATCLbTATCLcGENd2023-05-24l1o537 PURp11032q2012-09-06r2024-01-25s2024-01-25w2023-05-24yBKzBSCP1102 00104070aTATCLbTATCLcGENd2023-05-24l0o537 PURp45490r2023-05-24w2023-05-24yBKzBSCP1102 00104070aTATCLbTATCLcGENd2023-05-24l0o537 PURp45491r2023-05-24w2023-05-24yBKzBSCP1102 c35416d35416